Smallest Countries (A-Z) Quiz Stats

 Plays Quiz Updated Jan 14, 2019

Support Sporcle.
Go Orange.
Score 0/24 Timer 06:00
1 Play Today
Letter Country % Correct
VVatican City
94.3%
YYemen
81.2%
MMonaco
79.7%
QQatar
78.2%
ZZimbabwe
77.7%
OOman
77.4%
LLiechtenstein
72.9%
SSan Marino
72.4%
FFiji
67.4%
TTuvalu
65.9%
NNauru
64.9%
HHaiti
64.8%
Letter Country % Correct
JJamaica
62.7%
PPalau
62.5%
KKiribati
60.7%
BBarbados
58.4%
RRwanda
58.1%
AAntigua and Barbuda
57.4%
DDominica
56.4%
GGrenada
53.9%
CComoros
51.1%
UUnited Arab Emirates
50.3%
IIsrael
45.7%
EEswatini
37.7%

From the Vault

Best Olympic Track and Field Nations

by Ivan82

Sports 5m
All this running and throwing really makes us feel tired.
Remove Ads.
Support Sporcle.
Get the best of Sporcle when you Go Orange. This ad-free experience offers more features, more stats, and more fun while also helping to support Sporcle. Thank you for becoming a member.

Show Comments

Extras

Top Quizzes Today


Score Distribution

Your Account Isn't Verified!

In order to create a playlist on Sporcle, you need to verify the email address you used during registration. Go to your Sporcle Settings to finish the process.

Report this User

Report this user for behavior that violates our Community Guidelines.

Details: